Rappeurs francophones par photos #5 - Statistiques

Statistiques générales
  • Ce quiz a été pris 4 584 fois
  • Le résultat moyen est 9 sur 20
Statistiques - réponses
Par images Réponse % Correct
Bosh
84%
Laylow
73%
Youssoupha
73%
Werenoi
72%
Dinos
68%
Seth Gueko
62%
Alkpote
54%
Gringe
47%
Josman
47%
Kekra
45%
Disiz la Peste
40%
Georgio
39%
Jazzy Bazz
35%
YL
34%
Sniper
27%
Le Rat Luciano
16%
Deen Burbigo
14%
Keny Arkana
14%
Fabe
5%
Salif
5%
Aucun quiz correspondant
Distribution des résultats
% des personnes avec chaque résultat
Percentile par nombre de réponses
Votre historique - résultats
Vous n’avez pas pris ce quiz